000
00303nam a22001337a 4500
008
250320b |||||||| |||| 00| 0 eng d
020
_a
0553553281798
050
_a
PS86
_b
.L93
100
_a
LUDLUM, Robert
245
_a
Trevayne
260
_a
Canada
_b
Bantam Books
300
_a
viii, 469p.
942
_c
BK
999
_c
2527
_d
2527